000 00312nam a2200133 i 4500
001 bg
100 1 _aKONOPIŃSKI, T.
245 0 _aElektroniczne sterowniki mocy /
_cT. Konopiński.
260 _aWarszawa,
_c1962.
040 _cBPK
041 _apol
942 _cKS
008 s pl f |000 0 pol
999 _c10307
_d10307
856 _uhttp://koha.tu.koszalin.pl/cgi-bin/koha/opac-detail.pl?biblionumber=10307
_yKatalog online BPK